One Jesuit's Spiritual Journey (Record no. 22892)
[ view plain ]
| 000 -LEADER | |
|---|---|
| fixed length control field | 00583nam a2200205Ia 4500 |
| 003 - CONTROL NUMBER IDENTIFIER | |
| control field | ARRUPE |
| 005 - DATE AND TIME OF LATEST TRANSACTION | |
| control field | 20160330112913.0 |
| 008 - FIXED-LENGTH DATA ELEMENTS--GENERAL INFORMATION | |
| fixed length control field | 130303s9999 xx 000 0 und d |
| 040 ## - CATALOGING SOURCE | |
| Transcribing agency | ARRUPELIB |
| 050 ## - LIBRARY OF CONGRESS CALL NUMBER | |
| Classification number | BX3756.A753A3 |
| 300 ## - PHYSICAL DESCRIPTION | |
| Other physical details | 23 cm |
| 100 ## - MAIN ENTRY--PERSONAL NAME | |
| Personal name | Arrupe, Pedro |
| 9 (RLIN) | 22803 |
| 245 ## - TITLE STATEMENT | |
| Title | One Jesuit's Spiritual Journey |
| 245 ## - TITLE STATEMENT | |
| Remainder of title | Autobiographical Conversations with Jea-Claude Dietsch |
| 260 ## - PUBLICATION, DISTRIBUTION, ETC. (IMPRINT) | |
| Place of publication, distribution, etc | ST. Louis, Missouri |
| 260 ## - PUBLICATION, DISTRIBUTION, ETC. (IMPRINT) | |
| Name of publisher, distributor, etc | The Institute of Jesuit Sources |
| Date of publication, distribution, etc | 1986 |
| 300 ## - PHYSICAL DESCRIPTION | |
| Extent | 160p. |
| 700 ## - ADDED ENTRY--PERSONAL NAME | |
| Personal name | Dietsch, Jean Claude |
| 9 (RLIN) | 22804 |
| 942 00 - ADDED ENTRY ELEMENTS (KOHA) | |
| Koha issues (borrowed), all copies | 1 |
| Source of classification or shelving scheme | Library of Congress Classification |
| Koha item type | Monograph ( Printed materials) |
| Withdrawn status | Lost status | Source of classification or shelving scheme | Damaged status | Not for loan | Collection code | Home library | Current library | Shelving location | Date acquired | Total Checkouts | Full call number | Barcode | Date last seen | Date checked out | Copy number | Price effective from | Koha item type |
|---|---|---|---|---|---|---|---|---|---|---|---|---|---|---|---|---|---|
| Library of Congress Classification | Main Collection | ARRUPE LIBRARY | ARRUPE LIBRARY | Main Collection | 04/03/2013 | 1 | BX3756.A753A3 | 46500006318 | 22/11/2017 | 18/02/2014 | 1 | 04/03/2013 | Monograph ( Printed materials) |